000
00307nam a2200133Ia 4500
008
240624s9999 xx 000 0 und d
041
_a
eng
082
_a
828 SRI
100
_a
SRIDHAR K V
245
_a
30 SECOND THRILLERS
260
_c
2017
_a
New Delhi
_b
Bloomsbury
300
_a
284 p.
365
_c
RS
_b
30
999
_c
29448
_d
29448